000 03654nam a22002777a 4500
003 URS
005 20251021102226.0
008 250908b ||||| |||| 00| 0 eng d
040 _cURS
043 _aURS
245 _aHydro Electric Power Supply from Water Tank for perimeter Post Lamps Systems
_b/ Baquilar, Donald Charles L.... [et al.].
260 _cFebruary 2024
300 _a94 leaves :
_billustrations ;
_c28 cm.
336 _2rdacontent
_atext
337 _2rdamedia
_aunmediated
338 _2rdacarrier
_avolume
502 _aThesis
_bBachelor of Technology Major in Electrical Technology
_cUniversity of Rizal System-Morong
_d2024
520 _aEXECUTIVE SUMMARY The study entitled “Hydro Electric Power Supply from Water Tank for Perimeter Post Lamps System” aimed to innovate the renewable energy that comes water with the use of hydraulic generator. During the night, street lamps are important as it lights the streets. Hydro Electric Power Supply from Water Tank for Perimeter Post Lamps System would serve as the free source of electrical energy to power the street lamps. The study was conducted at the University of Rizal System, Morong Campus during the school year of 2020 - 2021 and 2022 - 2023 and continued this school year of 2023 - 2024. This study used the developmental, descriptive and experimental method of research which is defined as the systematic study of designing, developing, and evaluating instructional programs, processes and products that must criteria of internal consistency and effectiveness. A researcher-made questionnaire checklist was utilized to determine the level of acceptability of the device in terms for variables mentioned. There were thirty (30) respondents of the study included ten (10) experts and twenty (20) end-users from Bachelor of Technology major in Electrical Technology, chosen through simple random sampling. On the design and construction of the device, the researchers construct a plan and developed using local and inexpensive materials. On the level of performance of the device in try-out and revisions, the researchers conduct five (5) trials. And on the five (5) trials, the researchers encounter errors during the try-outs. The researchers sought out the best solutions for the problem and manage to fix the device to perform its purpose. The findings showed that the developed device in terms of design, the device is extremely accepted for end-users and expert. In terms of functionality, it is extremely functional to the end-users and expert. In terms of safety, the device is extremely safe to the end-users and expert. Lastly in terms of maintainability, the Hydro Electric Power Supply from Water Tank for Perimeter Post Lamps System is extremely maintainable to the end users and expert. The device level of performance in terms of Output Voltage is excellent, and on the Charging Time the verbal interpretation is extremely fast and Discharging Time is extremely slow, according to the trials conducted. With regards to the findings there is no significant difference on the evaluation made by the two groups of respondents on the level of acceptability of the Hydro Electric Power Supply from Water Tank for Perimeter Post Lamps System with respect to design, functionality, safety and maintainability.
700 _aBaquilar, Donald Charles L.
_eauthor
700 _aBatican, Jocel R.
_eauthor
700 _aCardosa, Harry R.
_eauthor
700 _aVicencio, Joebert N.
_eauthor
700 _aPrado, Eden S.
_edegree supervisor
856 _3Online Request for Student Unpublished Works
_uhttps://forms.gle/7LqvGGkaDrUQqz429
942 _2lcc
_cT
999 _c85937
_d85935